| 000 | 00897nam a22002537a 4500 | ||
|---|---|---|---|
| 005 | 20250416120022.0 | ||
| 008 | 250416b |||||||| |||| 00| 0 eng d | ||
| 020 | _a978-1-5381-5416-8 (hbk) | ||
| 037 | _cTB | ||
| 040 |
_aCRL _cCRL |
||
| 041 |
_2eng _aeng |
||
| 084 |
_aR86 R1 _qCRL |
||
| 245 |
_aAfrican philosophy for the twenty first century: _b Acts of transition |
||
| 260 |
_aLanham, Maryland: _bRowman & littlefield, _c2021. |
||
| 300 | _avii, 218p. | ||
| 365 |
_b 90.00 _cUKP |
||
| 650 |
_aAfrican Philosophy _933781 |
||
| 650 | _aPhilosophy | ||
| 700 |
_aCodefroy, Jean (Editer) _9752335 |
||
| 700 |
_aBidima (Editer) _9752336 |
||
| 700 |
_aHengehold, Laura (Editer) _9752337 |
||
| 942 |
_2CC _cTB _hR86 R1 _n0 |
||
| 999 |
_c1309040 _d1309040 |
||